General Knowledge Quiz 207 - Statistics

General Stats
  • This quiz has been taken 57 times
  • The average score is 5 of 11
Answer Stats
Hint Answer % Correct
What is both a Greek letter and a major airline company? Delta
88%
What fruit is Valencia, Spain best known for? Orange
86%
What US state is Amarillo in? Texas
76%
What character does Vivien Leigh portray in Gone with the Wind? Scarlett O'Hara
61%
What band did The Rutles parody? The Beatles
51%
In 2020, which country produced the most dates? Egypt
31%
What island was the First Punic War primarily fought on? Sicily
31%
What country controls the Cocos Islands? Australia
29%
Hobby, Merlin, and Kestrel are what type of bird? Falcon
25%
Who's 'Show' did The Doors famously getted banned from? The Ed Sullivan Show
18%
What event is known as the 'Tripartite Aggression' in the Arab world, and the 'Sinai War' in Israel? Suez Crisis
10%
No matching quizzes found
Score Distribution
Percent of People with Each Score
Percentile by Number Answered
Your Score History
You have not taken this quiz